|
|
|
|
| LEADER |
00000nab a2200000 a 4500 |
| 001 |
vtls009158941 |
| 003 |
SK-MaSNL |
| 005 |
20260305025822.0 |
| 008 |
250526c2007 xo |||||||||||000 b|slo |
| 015 |
|
|
|a SNBRB2007/11
|2 snkbucl
|
| 035 |
|
|
|a (uuid)5e310728-bc96-4086-8043-9310b2b5606c
|
| 035 |
|
|
|a urn:nbn:sk:snk-ab114z
|
| 035 |
|
|
|a (urnnbn)urn:nbn:sk:snk:ar-005bqm
|
| 038 |
|
|
|a SNKBUCL
|
| 040 |
|
|
|a SNKBUCL
|b slo
|c SNKBUCL
|e AACR2
|
| 041 |
0 |
|
|a slo
|
| 044 |
|
|
|a xo
|c SK
|
| 080 |
|
|
|a 630*37
|x (437.6)
|2 1997
|
| 100 |
1 |
|
|a Šinál, Peter
|4 aut
|9 1606393
|
| 245 |
1 |
0 |
|a Technické parametre na svetovej úrovni ... a bezkonkurenčná cena
|c Peter Šinál
|
| 300 |
|
|
|b Fotogr.
|
| 610 |
2 |
7 |
|a LKT (Trstená, Slovensko)
|2 snkbucl
|9 860128
|
| 650 |
0 |
7 |
|a traktory
|2 snkbucl
|9 26007
|
| 650 |
0 |
7 |
|a lesnícke stroje
|2 snkbucl
|9 29189
|
| 651 |
|
7 |
|a Trstená (Slovensko)
|2 snkbucl
|9 170148
|
| 651 |
|
7 |
|a Tvrdošín (Slovensko : okres)
|2 snkbucl
|9 56288
|
| 773 |
0 |
|
|t Les & Slovenské lesokruhy
|g Roč. 63/6, č. 9 - 10 (2007), s. 50-51
|x 1337-088X
|
| 850 |
|
|
|a Slovenská národná knižnica
|
| 852 |
|
|
|a Slovenská národná knižnica
|
| 954 |
|
|
|a odborná, vedecká literatúra pôvodná (slovenská)
|2 lita
|
| 958 |
|
|
|a ONDV
|
| 958 |
|
|
|a article2022
|
| 958 |
|
|
|a SK
|
| 999 |
|
|
|c 3307656
|d 3309586
|